Haz clic rápido para salvar a España - Estadísticas

Estadísticas generales
  • Esta prueba ha sido intentada 30.415 veces
  • La puntuación promedio es 80 de 142
Estadísticas de respuestas
Hint Extra Hint Respuesta % Correcto
0 Ceuta & Melilla ¡Sálvalos!
94%
0,3 M Soria y Segovia ¡Sálvalos!
94%
0,7 M Teruel y Huesca ¡Sálvalos!
94%
1,0 M Segovia, Palencia, y Ávila ¡Sálvalos!
94%
1,3 M Zamora & Cuenca ¡Sálvalos!
94%
1,7 M Guadalajara y un poquito de Albacete ¡Sálvalos!
93%
2,0 M El resto de Albacete ¡Sálvalos!
93%
2,3 M Ourense con U para que los gallegos sean felices ¡Sálvalos!
93%
2,7 M La Rioja y todo su vino ¡Sálvalos!
92%
3,0 M Lérida - ay, Lleida ¡Sálvalos!
92%
3,3 M Lugo ¡Sálvalos!
92%
3,7 M Salamanca ¡Sálvalos!
91%
4,0 M Álava ¡Sálvalos!
91%
4,3 M Burgos ¡Sálvalos!
91%
4,7 M Cáceres ¡Sálvalos!
90%
5,0 M No nos olvidemos de los cacereños cerca de Portugal ¡Sálvalos!
90%
5,3 M León ¡Sálvalos!
89%
5,7 M Más de León... ¡Sálvalos!
89%
6,0 M Ciudad Real ¡Sálvalos!
89%
6,3 M Y Ciudad Real ¡Sálvalos!
88%
6,7 M La ciudad de Valladolid ¡Sálvalos!
88%
7,0 M El resto de esa provincia ¡Sálvalos!
88%
7,3 M La puertas del Atlántico en Huelva y Cádiz ¡Sálvalos!
87%
7,7 M El resto de Huelva ¡Sálvalos!
87%
8,0 M Cádiz - el Campo de Gibraltar ¡Sálvalos!
87%
8,3 M Cádiz - Jerez de la Frontera ¡Sálvalos!
86%
8,7 M Toda la gente gaditana que nos queda ¡Sálvalos!
86%
9,0 M Cantabria - Banco Santander ¡Sálvalos!
85%
9,3 M Cantabria - todo lo demás ¡Sálvalos!
85%
9,7 M Castelló - todas las playas bellas ¡Sálvalos!
85%
10,0 M Castelló - las sobras ¡Sálvalos!
85%
10,3 M JA ¡Sálvalos!
84%
10,7 M ÉN ¡Sálvalos!
84%
11,0 M Badajoz ¡Sálvalos!
84%
11,3 M Badajoz - ay, nos queda más ¡Sálvalos!
83%
12,7 M Navarra - esa ciudad del encierro ¡Sálvalos!
83%
13,0 M Navarra - ¿mejor que digo Nafarroa? ¡Sálvalos!
83%
13,3 M Guipúzcoa - Donostia ¡Sálvalos!
82%
13,7 M Guipúzcoa - esta provincia pequeña aún tiene más gente ¡Sálvalos!
82%
14,0 M Toledo - sus iglesias y lugares de la cerámica ¡Sálvalos!
81%
14,3 M Toledo otra vez ¡Sálvalos!
81%
14,7 M Almería - Poniente ¡Sálvalos!
80%
15,0 M Almería - la Metropolitana y otras comarcas ¡Sálvalos!
80%
15,3 M Córdoba - su capital ¡Sálvalos!
80%
15,7 M Córdoba - y lo demás ¡Sálvalos!
79%
16,0 M Las tantas playas bellas de Cataluña ¡Sálvalos!
79%
16,3 M Gerona ¡Sálvalos!
78%
16,7 M AY- ¡Girona! ¡Sálvalos!
78%
17,0 M Tarragona - su capital y Reus ¡Sálvalos!
77%
17,3 M Tarragona - esas partes en el interior ¡Sálvalos!
77%
17,7 M Granada - ¡sálvalos como en 1492! ¡Sálvalos!
77%
18,0 M Granada - ¡y no te rindas! ¡Sálvalos!
76%
18,3 M Granada - ahí la tenemos... ¡Sálvalos!
76%
18,7 M Ponte ... ¡Sálvalos!
75%
19,0 M ¿Vedras? ¡Sálvalos!
75%
19,3 M Ah: ¡Pontevedras! ¡Sálvalos!
74%
19,7 M Zaragoza - antiguamente Caesaraugusta ¡Sálvalos!
74%
20,0 M Zaragoza - el Pilar ¡Sálvalos!
73%
20,3 M Zaragoza - los alrededores ¡Sálvalos!
73%
20,7 M Asturias - Gijón ¡Sálvalos!
72%
21,0 M Asturias - Oviedo ¡Sálvalos!
72%
21,3 M Asturias - lo que queda ¡Sálvalos!
71%
21,7 M Santa Cruz - Tenerife ¡Sálvalos!
71%
22,0 M Santa Cruz - La Palma ¡Sálvalos!
70%
22,3 M Santa Cruz - El Hierro & La Gomera ¡Sálvalos!
69%
22,7 M A Coruña - la capital ¡Sálvalos!
69%
23,0 M A Coruña - Santiago de Compostela ¡Sálvalos!
68%
23,3 M A Coruña - Zara ¡Sálvalos!
68%
23,7 M A Coruña - y otra gente todavía ¡Sálvalos!
67%
24,0 M Las Palmas - Fuerteventura ¡Sálvalos!
66%
24,3 M Las Palmas - Gran Canaria ¡Sálvalos!
66%
24,7 M Las Palmas - Lanzarote y La Graciosa ¡Sálvalos!
65%
25,0 M Vizcaya - el Guggenheim ¡Sálvalos!
64%
25,3 M Vizcaya - la gente con ocho apellidos ¡Sálvalos!
63%
25,7 M Bizkaia ¡Sálvalos!
63%
26,0 M Baleares - Ibiza babyyy ¡Sálvalos!
62%
26,3 M Baleares - Mallorca ¡Sálvalos!
61%
26,7 M Baleares - Menorca ¡Sálvalos!
60%
27,0 M Murcia - su capital ¡Sálvalos!
59%
27,3 M Murcia - Cartagena ¡Sálvalos!
58%
27,7 M Murcia - Lorca ¡Sálvalos!
57%
28,0 M Murcia - y para estar seguro–el río Segura ¡Sálvalos!
56%
28,3 M Málaga - y todo su sol ¡Sálvalos!
56%
28,7 M Málaga - aaaahh, más sol ¡Sálvalos!
55%
29,0 M Málaga - la leyenda de Picasso...y mucha de su arte ¡Sálvalos!
54%
29,3 M Málaga - la Manquita ¡Sálvalos!
53%
29,7 M Málaga - el Valle del Guadalhorce ¡Sálvalos!
52%
30,0 M Alicante - la Costa Blanca ¡Sálvalos!
50%
30,3 M Alicante - Elche ¡Sálvalos!
49%
30,7 M Alicante - Torrevieja y Orihuela ¡Sálvalos!
48%
31,0 M Alicante - los cristianos....y los moros ¡Sálvalos!
47%
31,3 M Alicante - las Marinas ¡Sálvalos!
46%
31,7 M Alacant - la seva capital ¡Sálvalos!
45%
32,0 M Sevilla - Sergio Ramos y Pilar Rubio ¡Sálvalos!
44%
32,3 M Sevilla - Real Betis ¡Sálvalos!
42%
32,7 M Sevilla - la sartén de Andalucía ¡Sálvalos!
41%
33,0 M Sevilla - los flamencos ¡Sálvalos!
40%
33,3 M Sevilla - los Patrimonios Mundiales ¡Sálvalos!
38%
33,7 M Sevilla - el Bajo Guadalquivir ¡Sálvalos!
37%
34,0 M Valencia - los que comen la paella con mariscos... ¡Sálvalos!
36%
34,3 M Valencia - y los que la comen sin ¡Sálvalos!
34%
34,7 M Valencia - la gente de la I+D+i ¡Sálvalos!
33%
35,0 M Valencia - los habladores del apitxat ¡Sálvalos!
32%
35,3 M Valencia - los chés ¡Sálvalos!
31%
35,7 M Valencia - la descendencia del Cid ¡Sálvalos!
30%
36,0 M Valencia - la otra gente en la zona metropolitana ¡Sálvalos!
29%
36,3 M Valencia - ¿el resto de la provincia? ¡Sálvalos!
28%
36,7 M Barcelona - Terrassa ¡Sálvalos!
27%
37,0 M Barcelona - Badalona ¡Sálvalos!
25%
37,3 M Barcelona - La Sagrada Familia ¡Sálvalos!
24%
37,7 M Barcelona - Sabadell y Mataró ¡Sálvalos!
23%
38,0 M Barcelona - Barça ¡Sálvalos!
22%
38,3 M Barcelona - los de las supermanzanas ¡Sálvalos!
21%
38,7 M Barcelona - Universitat de Barcelona ¡Sálvalos!
20%
39,0 M Barcelona - La Rambla ¡Sálvalos!
19%
39,3 M Barcelona - l'Hospitalet de Llobregat ¡Sálvalos!
18%
39,7 M Barcelona - los extranjeros ¡Sálvalos!
18%
40,0 M Barcelona - el Barri Gòtic ¡Sálvalos!
17%
40,3 M Barcelona - los tapeando ¡Sálvalos!
16%
40,7 M Barcelona - el reformado Camp Nou ¡Sálvalos!
15%
41,0 M Barcelona - los que pueden hacer cagar al tió de nadal ¡Sálvalos!
15%
41,3 M Barcelona - la gente en el suburbio ¡Sálvalos!
14%
41,7 M Barcelona - ¡Hay otra gente en la provincia! ¡Sálvalos!
13%
42,0 M Madrid - Móstoles ¡Sálvalos!
13%
42,3 M Madrid - el Palacio Real ¡Sálvalos!
12%
42,7 M Madrid - el Triángulo del Arte ¡Sálvalos!
12%
43,0 M Madrid - El Corte Inglés ¡Sálvalos!
11%
43,3 M Madrid - la Puerta del Sol ¡Sálvalos!
10%
43,7 M Madrid - los turistas ¡Sálvalos!
10%
44,0 M Madrid - Getafe C. F. ¡Sálvalos!
10%
44,3 M Madrid - Real Madrid ¡Sálvalos!
9%
44,7 M Madrid - Atlético de Madrid ¡Sálvalos!
9%
45,0 M Madrid - Rayo Vallecano ¡Sálvalos!
9%
45,3 M Madrid - la UCM ¡Sálvalos!
8%
45,7 M Madrid - la sede de Mahou ¡Sálvalos!
8%
46,0 M Madrid - Alcalá de Henares ¡Sálvalos!
8%
46,3 M Madrid - el Partido Popular ¡Sálvalos!
7%
46,7 M Madrid - el PSOE & MM ¡Sálvalos!
7%
47,0 M Madrid - Chamberí ¡Sálvalos!
7%
47,3 M Madrid - El Retiro ¡Sálvalos!
7%
47,7 M Madrid - Gran Vía ¡Sálvalos!
7%
48,0 M Los encarcelados ¡Sálvalos!
7%
No se encontraron pruebas coincidentes
Distribución de puntuación
Porcentaje de gente con cada puntuación
Porcentaje por número respondido
Historial de tus puntuaciones
No has intentado esta prueba.